Tuzvilag (Înregistrare nr. 38)
| 000 -LEADER | |
|---|---|
| fixed length control field | 00326nam a2200157 a 4500 |
| 005 - DATE AND TIME OF LATEST TRANSACTION | |
| control field | 20260702181356.0 |
| 020 ## - INTERNATIONAL STANDARD BOOK NUMBER | |
| International Standard Book Number | 9789732234567 |
| 041 0# - LANGUAGE CODE | |
| Language code of text/sound track or separate title | hun |
| 100 1# - MAIN ENTRY--PERSONAL NAME | |
| Personal name | Fekete, Istvan |
| 245 10 - TITLE STATEMENT | |
| Title | Tuzvilag |
| 260 ## - PUBLICATION, DISTRIBUTION, ETC. | |
| Place of publication, distribution, etc. | Budapest |
| Name of publisher, distributor, etc. | Mora |
| Date of publication, distribution, etc. | 2017 |
| 300 ## - PHYSICAL DESCRIPTION | |
| Extent | 312 p. |
| 650 #0 - SUBJECT ADDED ENTRY--TOPICAL TERM | |
| Topical term or geographic name entry element | Literatura pentru copii |
| 650 #0 - SUBJECT ADDED ENTRY--TOPICAL TERM | |
| Topical term or geographic name entry element | Natura |
| 942 ## - ADDED ENTRY ELEMENTS (KOHA) | |
| Koha item type | Carte |
| Withdrawn status | Lost status | Damaged status | Not for loan | Home library | Current library | Date acquired | Total checkouts | Barcode | Date last seen | Price effective from | Koha item type |
|---|---|---|---|---|---|---|---|---|---|---|---|
| Biblioteca Comunală Remetea | Biblioteca Comunală Remetea | 07/02/2026 | ARTABHR0438 | 07/02/2026 | 07/02/2026 | Carte | |||||
| Biblioteca Județeană Kájoni János | Biblioteca Județeană Kájoni János | 07/02/2026 | ARTABJHR38 | 07/02/2026 | 07/02/2026 | Carte |